Flowers : evolution of the floral architecture of angiosperms /

Bibliographic Details
Main Author: Tcherkez, Guillaume
Format: Book
Language:English
Published: Enfield, NH : Science Publishers, [2004]
Subjects:

MARC

Tag First Indicator Second Indicator Subfields
LEADER 00000pam a22000004a 4500
001 in00002042221
005 20151101055159.0
008 040422s2004 nhua b 001 0 eng
010 |a  2004048212 
015 |a GBA462318  |2 bnb 
016 7 |a 012977580  |2 Uk 
020 |a 1578083117 
035 |a (OCoLC)ocm55044539 
040 |a DLC  |c DLC  |d YDX  |d UKM  |d UtOrBLW 
041 1 |a eng  |h fre 
042 |a pcc 
049 |a TXAM 
050 0 0 |a QK495.A1  |b T39 2004 
082 0 0 |a 575.6  |2 22 
100 1 |a Tcherkez, Guillaume. 
240 1 0 |a Fleurs.  |l English 
245 1 0 |a Flowers :  |b evolution of the floral architecture of angiosperms /  |c Guillaume Tcherkej ; preface by Pierre-Henri Gouyon. 
264 1 |a Enfield, NH :  |b Science Publishers,  |c [2004] 
264 4 |c ©2004 
300 |a xiv, 182 pages :  |b illustrations ;  |c 25 cm. 
336 |a text  |b txt  |2 rdacontent 
337 |a unmediated  |b n  |2 rdamedia 
338 |a volume  |b nc  |2 rdacarrier 
504 |a Includes bibliographical references (pages [170]-176) and indexes. 
650 0 |a Angiosperms  |x Morphology. 
650 0 |a Flowers  |x Evolution. 
948 |a cataloged  |b h  |c 2005/6/24  |d c  |e eneff  |f 2:47:21 pm 
994 |a C0  |b TXA 
999 |a MARS 
999 f f |s 121b89ca-8076-3126-8164-6033df8c1801  |i cde8848b-e3b8-391a-aea7-f5d0de51afd9  |t 0 
952 f f |p ric  |a Texas A&M University  |b Rellis Campus  |c Joint Library Facility  |d Remote Storage  |t 0  |e QK495.A1 T39 2004  |h Library of Congress classification  |i unmediated -- volume  |m A14833793150 
998 f f |a QK495.A1 T39 2004  |t 0  |l Remote Storage